00731 2200217 4500001002100000005001500021035002000036007000300056008004100059020002500100082001200125084001800137100004500155245019900200250001000399260003300409300003300442650001600475990001100491990001100502INLIS00000000000017020170912022555 a0010-0917000156ta170912 f 0  a978-979-2409-47-5-C3 a297.125 a297.125 AS- m0 aAs-Sa'di, Syaikh 'Abdurrahman bin Nashir1 aMendulang Faedah dari Kalimat Nubuwwah :bPenjelasan 99 Hadits Pilihan Yang Terkandung Dalam Jawami'ul kalim (Perkataan Yang ringkas Namun Sarat Makna) /cSyaikh 'Abdurrahman bin Nashir as-Sa'di aCet.4 aJakarta :bGriya Ilmu,c2016 ax; 351 hlm ;c15.5 x 23.5 cm aAgama Islam a5740 A a5740 B